000 00418nam a2200169Ia 4500
001 30884
003 IN-NITTTR
005 20251114233416.0
008 251113s9999||||xx |||||||||||||| ||eng||
040 _beng
040 _cIN-NITTTR
041 _aeng
082 _a530.092 G14E
100 _aGamalath, KAIL Wijewardena
245 0 _aEinstein :
_b his life and works /
_cGamalath, KAIL Wijewardena
942 _2ddc
_cBK
999 _c33514
_d33514